La crisis global: brechas que se reducen. El desafío de los países emergentes /
En este se evidencia como la recesión económica de los años 2007-2009 ha tenido efecto sobre la mayor parte de las economías avanzadas, con lo cual se han ido cerrando algunas brechas a favor de los países en desarrollo, al menos en lo que refiere a su producto bruto. Sin embargo, en lo que se refie...
Furkejuvvon:
| Váldodahkki: | |
|---|---|
| Materiálatiipa: | Texto |
| Fáttát: | |
| Fáddágilkorat: |
Lasit fáddágilkoriid
Eai fáddágilkorat, Lasit vuosttaš fáddágilkora!
|
MARC
| LEADER | 00000 a a2200000 04500 | ||
|---|---|---|---|
| 001 | 44127 | ||
| 003 | |||
| 040 | |||
| 100 | |a Navarrete, Jorge Eduardo | ||
| 245 | |a La crisis global: |b brechas que se reducen. El desafío de los países emergentes / |c Jorge Eduardo Navarrete | ||
| 520 | |a En este se evidencia como la recesión económica de los años 2007-2009 ha tenido efecto sobre la mayor parte de las economías avanzadas, con lo cual se han ido cerrando algunas brechas a favor de los países en desarrollo, al menos en lo que refiere a su producto bruto. Sin embargo, en lo que se refieren a otras variables como ingreso per cápita, gasto en tecnología o niveles medios de nutrición, siguen abiertas en favor del Norte, aunque en muchos casos con tendencia a cerrarse. Frente a una crisis sin horizonte de solución, el g-7 repite una serie de expresiones de deseos, mientras las políticas de ajuste amenazan con generar efectos contrarios a los buscados. | ||
| 590 | |a SJB/NOVIEMBRE2012 | ||
| 650 | |a 1.RECESION ECONOMICA | ||
| 650 | |a 2.PODER ECONOMICO | ||
| 650 | |a 3.SISTEMA FINANCIERO | ||
| 650 | |a 4.PAISES DESARROLLADOS | ||
| 650 | |a 5.PAISES EN DESARROLLO | ||
| 773 | |g número237 ( , 2012), páginas 65-86 : gráficos | ||
| 999 | |c 34336 |d 34336 | ||
